Reconnais et nomme ces artistes internationaux VOL1 - Statistiques

Statistiques générales
  • Ce quiz a été pris 30 fois
  • Le résultat moyen est 8 sur 16
Statistiques - réponses
Par images Réponse % Correct
Enrique Iglesias
90%
Coldplay
86%
Drake
83%
Martin Solveig
72%
Iggy Pop
69%
Harry Styles
62%
Bad Bunny
55%
George Michael
55%
Nana Mouskouri
55%
Blackpink
41%
Kesha
41%
Christina Aguilera
34%
Alanis Morissette
10%
Pink Floyd
10%
Marco Mengoni
3%
Robyn
3%
Aucun quiz correspondant
Distribution des résultats
% des personnes avec chaque résultat
Percentile par nombre de réponses
Votre historique - résultats
Vous n’avez pas pris ce quiz